| 000 | 00446nam a22001697a 4500 | ||
|---|---|---|---|
| 003 | koha_MIRAKIL | ||
| 005 | 20231213095718.0 | ||
| 008 | 231213b |||||||| |||| 00| 0 ||| d | ||
| 040 |
_aTR-IsEVY _btur _cTR-IsEVY |
||
| 082 | _a813.41 ÖME/B | ||
| 100 | _aÖmer seyfettin. | ||
| 245 | 0 |
_aBeyaz Lale _bÖmer seyfettin bütün eserleri 9 |
|
| 260 |
_bSerhat Yayınları, _c1990 |
||
| 300 | _a192 | ||
| 650 | _aTürk Edebiyatı. | ||
| 942 |
_2ddc _cBK |
||
| 999 |
_c8174 _d8174 |
||